000 00498nam a22001817a 4500
001 00028735
005 20260409143541.0
008 260409b ag ||||| |||| 00| 0 spa d
020 _a9788441324282
040 _bspa
_cAR-CcCEOS
080 _a937
090 _bDUR
245 _aItalia Antigua :
_bLegado artístico y cultural de la civilización romana /
_cFurio Durando
260 _aBarcelona :
_bFolio,
_cc2008.
300 _a142 p. ;
_c20x23 cm.
650 0 _ahistoria
942 _2udc
_cBK
999 _c28770
_d28770
945 _a66467
_bMelina Rolando
_c66467
_dMelina Rolando